000 00998cam a22002655a 4500
001 18337993
005 20160110143731.0
008 141017s2013 enka frb 001 0 eng d
020 _a9780080982311 (hardback)
040 _aDLC
_beng
_cDLC
_dDLC
_dEG-ScBUE
082 0 4 _a620.11892
_222
_bVAS
100 1 _aVasiliev, Valery V.
_939000
245 1 0 _aAdvanced mechanics of composite materials and structural elements /
_cValery V. Vasiliev, Evgeny V. Morozov.
250 _a3rd ed.
260 _aOxford ;
_aWaltham :
_bElsevier,
_c2013.
300 _axiii, 818 p. :
_bill. ;
_c24 cm.
500 _aFirst edition issued as: Mechanics and analysis of composite materials.
504 _aIncludes bibliographical references and indexes.
650 7 _aComposite materials
_xMechanical properties.
_2BUEsh
_929104
650 7 _aFibrous composites
_xMechanical properties.
_2BUEsh
_939001
651 _2BUEsh
653 _bENGGEN
_cJune2015
_cJanuary2016
700 1 _aMorozov, Evgeny V.
942 _2ddc
999 _c20026
_d19998